| 000 | 01143nam a22003257a 4500 | ||
|---|---|---|---|
| 003 | CHAP | ||
| 005 | 20220329140547.0 | ||
| 008 | 971013s1970 r 00010 d | ||
| 010 | _a53954 | ||
| 011 | _a54926 | ||
| 035 | _a59078 | ||
| 040 | _cCHAP | ||
| 090 | _aFolleto 2138 | ||
| 100 | 0 | 0 |
_aRust, Irwin W. _9100983 |
| 245 | _aCreación de programas de adiestramiento para directores de cooperativas | ||
| 260 |
_aMéxico, D. F. ; Centro Regional de Ayuda Técnica, _c1970 |
||
| 300 | _a17 p. | ||
| 490 |
_aUSDA. Farmer Cooperative Service. Educational circular _v; 22 |
||
| 500 | _a2 c. en bodega | ||
| 590 |
_aBATCH-UPD _b10 _c20130110 _lUCH01 _h0646 |
||
| 590 |
_aBATCH-UPD _b10 _c20130110 _lUCH01 _h2358 |
||
| 590 |
_aCONVERSION _b10 _c20130109 _lUCH01 _h1329 |
||
| 650 | 1 | 4 |
_aSociedades cooperativas _xColima. _9108124 |
| 830 | 0 |
_aUSDA. Farmer Cooperative Service. Educational circular _v; 22 _9117055 |
|
| 901 | _aBK | ||
| 942 | _cFOLL | ||
| 949 |
_aFolleto 2138 _bBC _cFOLL _d-127893 _eTS1 _i59078 _si |
||
| 949 |
_aFolleto 2138 _bBC _cFOLL _d-127894 _eTS2 _fc.2 _i59078 _si |
||
| 949 |
_aFolleto 2138 _bBC _cFOLL _d-127895 _eTS2 _fc.3 _i59078 _si |
||
| 999 |
_c53954 _d53954 |
||